|
|
|
|
| LEADER |
00000cam a2200000 7i4500 |
| 001 |
0000005026 |
| 005 |
20151222.0 |
| 008 |
070801 |
| 020 |
|
|
|a 9839210688(set)
|
| 020 |
|
|
|a 983921070X
|
| 090 |
0 |
0 |
|a BIO
|b MAL
|
| 100 |
0 |
|
|a Nurul Iman Ramli
|
| 245 |
1 |
0 |
|a Bapa pembangunan Tun Abdul Razak
|c Nurul Iman Ramli
|
| 260 |
|
|
|a Selangor :
|b Pustaka Penamas ,
|c 2006
|
| 440 |
|
|
|a Siri kegemilangan tokoh-tokoh negara
|
| 500 |
|
|
|a Children ages 10-12 years old (pink)
|
| 650 |
|
0 |
|a Biografi
|
| 650 |
|
0 |
|a Junior fiction
|x Malay
|x Languages
|
| 999 |
|
|
|a 0000915554
|b Book
|c Teenagers
|e Cawangan Bandar Tenggara
|
| 999 |
|
|
|a 0000915555
|b Book
|c Teenagers
|e Cawangan Bandar Tenggara
|
| 999 |
|
|
|a 0000915556
|b Book
|c Teenagers
|e Cawangan Bandar Tenggara
|
| 999 |
|
|
|a 0000979133
|b Book
|c Children Collection
|e Perbadanan Perpustakaan Awam Johor
|
| 999 |
|
|
|a 0000979134
|b Book
|c Children Collection
|e Perbadanan Perpustakaan Awam Johor
|
| 999 |
|
|
|a 0000979135
|b Book
|c Children Collection
|e Cawangan Kota Tinggi
|
| 999 |
|
|
|a 0000979136
|b Book
|c Children Collection
|e Perbadanan Perpustakaan Awam Johor
|
| 999 |
|
|
|a 0000979137
|b Book
|c Children Collection
|e Cawangan Mersing
|
| 999 |
|
|
|a 0000990930
|b Book
|c Children Collection
|e Cawangan Tmn. Ungku Tun Aminah
|
| 999 |
|
|
|a 0000990931
|b Book
|c Children Collection
|e Cawangan Mersing
|
| 999 |
|
|
|a 0000990932
|b Book
|c Children Collection
|e Cawangan Segamat
|
| 999 |
|
|
|a 0001016913
|b Book
|c Adult Collection
|e Cawangan Segamat
|
| 999 |
|
|
|a 0001016915
|b Book
|c Children Collection
|e Cawangan Bandar Penawar
|
| 999 |
|
|
|a 0001016916
|b Book
|c Children Collection
|e Cawangan Taman Universiti
|
| 999 |
|
|
|a 0001016917
|b Book
|c Children Collection
|e Cawangan Bandar Penawar
|